Combinatorial algorithms: theory and practice

Sábháilte in:
Sonraí bibleagrafaíochta
Príomhchruthaitheoirí: Reingold, Edward M (Údar), Nievergelt, Jurg (Údar), Deo, Narsingh (Údar)
Formáid: LEABHAR
Teanga:Béarla
Foilsithe / Cruthaithe: Englewood Cliffs Prentice-Hall 1977
Ábhair:
Clibeanna: Cuir clib leis
Níl clibeanna ann, Bí ar an gcéad duine le clib a chur leis an taifead seo!

MARC

LEADER 00000nam a2200000 a 4500
001 UCP3077
003 CL-VaPUC
008 990604e19770000us |||||||||||||||||eng|d
082 0 4 |a 511.6  |b REI  |2 21 
100 0 |a Reingold, Edward M  |e author  |9 430188 
700 0 |a Nievergelt, Jurg  |e author  |9 430189 
700 0 |a Deo, Narsingh  |e author  |9 430190 
245 1 0 |a Combinatorial algorithms: theory and practice 
300 |a 433 p 
942 |c BK 
945 |d 19990604 00:00:00  |a crobeson 
260 |a Englewood Cliffs  |b Prentice-Hall  |c 1977 
650 7 |a COMBINATORIA  |2 CL-VaPUC  |9 392344 
650 0 |a Análisis combinatorio   |9 269849 
650 0 |a Modelos matemáticos   |9 259437 
650 0 |a Algoritmos   |9 260639 
583 |a last modification  |c 20150429 04:23:26  |k Rodrigo Vera 
999 |c 281515  |d 281513 
952 |0 0  |1 0  |4 0  |6 511_600000000000000_REI_1977  |7 0  |8 A  |9 322271  |a BIBMAT  |b BIBMAT  |d 2019-11-20  |i 1350005  |o 511.6 REI 1977  |p 1350005  |r 2023-12-20  |w 2019-11-20  |y BK  |k MAT